000
00347 a2200169 4500
001
178535
020
_a
85-281-0118-5
040
_c
Magnum
100
_a
Machado, Ana Maria
240
1
0
_a
Menino Poti
_l
por
245
1
0
_a
Menino Poti
300
_a
24
362
0
_a
1988
440
1
_a
Salamandra
697
_a
LITERATURA INFANTIL
942
_c
BK
999
_c
178535
_d
178535